000
00312nam a22001457a 4500
008
210224b ||||| |||| 00| 0 eng d
020
_a
9780865712744
041
_a
eng
080
_a
32
082
_a
32
100
_a
19
101
_a
SHP
245
_a
Democracy in small groups
_c
Gastil, J
942
_2
udc
_c
BK
999
_c
55128
_d
55128